Một bông hồng và triệu bông hồng : Tập truyện rất ngắn
Enregistré dans:
| Auteur principal: | |
|---|---|
| Format: | Livre |
| Langue: | Undetermined |
| Publié: |
Thành phố Hồ Chí Minh
Trẻ
2012
|
| Sujets: | |
| Tags: |
Ajouter un tag
Pas de tags, Soyez le premier à ajouter un tag!
|
| Thư viện lưu trữ: | Trung tâm Học liệu Trường Đại học Cần Thơ |
|---|
| LEADER | 00700nam a2200217Ia 4500 | ||
|---|---|---|---|
| 001 | CTU_175701 | ||
| 008 | 210402s9999 xx 000 0 und d | ||
| 020 | |c 55000 | ||
| 082 | |a 895.92234 | ||
| 082 | |b Ph561 | ||
| 100 | |a Đỗ, Doãn Phương | ||
| 245 | 0 | |a Một bông hồng và triệu bông hồng : | |
| 245 | 0 | |b Tập truyện rất ngắn | |
| 245 | 0 | |c Đỗ Doãn Phương | |
| 260 | |a Thành phố Hồ Chí Minh | ||
| 260 | |b Trẻ | ||
| 260 | |c 2012 | ||
| 650 | |a Short stories, vietnamese,Truyện ngắn Việt Nam | ||
| 650 | |y 21st century,Thế kỷ 21 | ||
| 904 | |i Hải | ||
| 980 | |a Trung tâm Học liệu Trường Đại học Cần Thơ | ||